000 00323nam a22001337a 4500
008 171121b xxu||||| |||| 00| 0 eng d
020 _a9780078600197
041 _aeng
080 _27 ED
_a34
100 _a13
101 _aJUR
245 _aSTREET LAW A COURSE IN PRACTICAL LAW
_cABERTMAN.L.P
942 _2udc
_cBK
999 _c38275
_d38275